|
|
|
|
| LEADER |
00976nam a2200349 4500 |
| 001 |
DLU110121161 |
| 005 |
##20110512 |
| 040 |
# |
# |
|a DLU
|b vie
|
| 041 |
# |
# |
|a vie
|
| 044 |
# |
# |
|a vn
|
| 082 |
# |
# |
|a 947.084 209 2
|b LA-B
|
| 100 |
# |
# |
|a Lázslo, Béladi.
|
| 245 |
# |
# |
|a I. V. Stalin :
|b Tiểu sử chính trị /
|c Béladi Lázslo, Krausz Tamás; Lê Phụng Hoàng dịch; Nguyễn Thị Thư hiệu đính..
|
| 260 |
# |
# |
|a TP. HCM :
|b Đại học Sư phạm,
|c 2004.
|
| 300 |
# |
# |
|a 310 tr. ;
|c 21 cm.
|
| 653 |
# |
# |
|a Chính khách
|
| 653 |
# |
# |
|a Chủ nghĩa cộng sản
|
| 653 |
# |
# |
|a Stalin, I.V., 1879-1953
|
| 700 |
# |
# |
|a Lê Phụng Hoàng,
|e dịch.
|
| 700 |
# |
# |
|a Nguyễn Thị Thư,
|e hiệu đính.
|
| 700 |
# |
# |
|a Tamás, Krausz.
|
| 923 |
# |
# |
|a 05/2011
|
| 991 |
# |
# |
|a GT
|
| 992 |
# |
# |
|a 20000
|
| 994 |
# |
# |
|a DLU
|
| 900 |
# |
# |
|a True
|
| 911 |
# |
# |
|a Đào Thị Thu Huyền
|
| 925 |
# |
# |
|a G
|
| 926 |
# |
# |
|a A
|
| 927 |
# |
# |
|a SH
|
| 980 |
# |
# |
|a Thư viện Trường Đại học Đà Lạt
|